000 00393cam a2200157ua 4500
041 _aeng
_h
082 _a828.09
_bBYR/BY
100 _aByron, Lord .
245 _aByronic thoughts maxims reflections portaits /
_cLord Byron.
_hTextual Documents
250 _a1 /
_b.
260 _aLondon :
_bJohn Murray ,
_c1960.
300 _a117 ; .
504 _a
942 _cBK
999 _c3069
_d3069